The great perpetual learning machine : being a stupendous collection of ideas, games, experiments, activities, and recommendations for further exploration, with tons of illustrations /

Bibliographic Details
Main Author: Blake, Jim, 1938-
Other Authors: Ernst, Barbara, 1945-
Format: Book
Language:English
Published: Boston : Little, Brown, [1976]
Edition:1st ed.
Subjects:

MARC

Tag First Indicator Second Indicator Subfields
LEADER 00000cam a2200000 a 4500
001 in00000533713
005 20151013174405.0
008 760709s1976 maua b 00110 engm
010 |a  76024124  
020 |a 0316099384 :  |c $12.95. 
020 |a 0316099376 (pbk. :)  |c $7.95 
035 |a (OCoLC)02345744 
035 |9 ACH4831AM 
040 |a DLC  |c DLC  |d TXA  |d UtOrBLW 
049 |a TXAM  |c [955282] 
050 0 0 |a LB1537  |b .B59 
082 0 |a 372.5 
100 1 |a Blake, Jim,  |d 1938- 
245 1 4 |a The great perpetual learning machine :  |b being a stupendous collection of ideas, games, experiments, activities, and recommendations for further exploration, with tons of illustrations /  |c by Jim Blake and Barbara Ernst. 
250 |a 1st ed. 
264 1 |a Boston :  |b Little, Brown,  |c [1976] 
264 4 |c ©1976 
300 |a 308 pages :  |b illustrations ;  |c 29 cm. 
336 |a text  |b txt  |2 rdacontent 
337 |a unmediated  |b n  |2 rdamedia 
338 |a volume  |b nc  |2 rdacarrier 
500 |a Includes index. 
650 0 |a Creative activities and seat work  |v Handbooks, manuals, etc. 
650 0 |a Textbooks  |v Bibliography. 
650 0 |a Children's literature  |v Bibliography. 
700 1 |a Ernst, Barbara,  |d 1945- 
999 |a MARS 
999 f f |s 57b613f9-bcb3-392e-949a-6cddc5236859  |i a9ed8a99-f170-335b-ad55-2cfd5a1d6ca9  |t 0 
952 f f |p normal  |a Texas A&M University  |b College Station  |c Sterling C. Evans Library  |d Evans: Library Stacks  |t 0  |e LB1537 .B59  |h Library of Congress classification  |i unmediated -- volume  |m A14808809730 
998 f f |a LB1537 .B59  |t 0  |l Evans: Library Stacks